Environmental studies: (Record no. 181693)

MARC details
000 -LEADER
fixed length control field 00529nam a22001697a 4500
005 - DATE AND TIME OF LATEST TRANSACTION
control field 20211004144205.0
010 ## - LCCN (DPL NO)
LC control number EN230921
020 ## - INTERNATIONAL STANDARD BOOK NUMBER
International Standard Book Number 9789353885588
Terms of availability 550.00
037 ## - SOURCE OF ACQUISITION
Source of stock number/acquisition Sage
100 ## - MAIN ENTRY--PERSONAL NAME
Personal name Gupta, Abhik
245 ## - TITLE STATEMENT
Title Environmental studies:
Remainder of title principles and practices /
Statement of responsibility, etc by Abhik Gupta [and] Susmita Gupta
260 ## - PUBLICATION, DISTRIBUTION, ETC. (IMPRINT)
Place of publication, distribution, etc New Delhi
Name of publisher, distributor, etc Sage Publications
Date of publication, distribution, etc 2021
270 ## - ADDRESS
Address BI/I-I, Mohan Cooperative Industrial Area
City New Delhi
Postal code 110044
300 ## - PHYSICAL DESCRIPTION
Extent vp.:
Other physical details ill.
Dimensions 24cm(pbk)
700 ## - ADDED ENTRY--PERSONAL NAME
Personal name Gupta, Susmita
942 ## - ADDED ENTRY ELEMENTS (KOHA)
Source of classification or shelving scheme Dewey Decimal Classification
Item type English Books
Call number suffix GUP

No items available.


© Delhi Public Library
Hit Counter
free hit counter